00469nam a2200193 a 4500001001300000003000900013005001700022008004100039020001000080082001600090100001900106245001100125260003200136300000800168500003500176505002700211650001800238700001900256nice12345678IN_TiNIC20260116011621.0050524s1921 teha grp 000 0 urd  ac10000a297.52bMAH aMahboob Alam,  aNamaaz aTehranbNo Publisher c1921 a88p aincludes index and biblioraphy2 aPlus Some Other Tracts aIslam-Prayers1 aMahboob Alam,